000 00361nam a22001457a 4500
003 OSt
005 20220105093419.0
008 220105b |||||||| |||| 00| 0 eng d
020 _a9780521710091
040 _cHU
082 _23rd
_a332.0115195
100 _aMills
_925047
245 _aThe Econometric Modelling Of Financial Time Series
942 _2ddc
_cBOOKS
_n0
999 _c26079
_d26079